| 000 | 00578nam a2200157Ia 4500 | ||
|---|---|---|---|
| 003 | GCL | ||
| 008 | 140319s9999 xx 000 0 ara d | ||
| 040 |
_aGCL / _cGCL |
||
| 082 | 0 | 4 |
_aد _b050 _bم س |
| 245 | 1 | 0 | _aالسياسة الدولية ( العدد 165 - يوليو 2006 ) |
| 260 |
_aالقاهرة : _bمؤسسة الاهرام ، _c2006 |
||
| 650 | 0 | 4 | _aاحتلال العراق |
| 650 | 0 | 4 | _aالولايات المتحدة الامريكية - العلاقات الخارجية - اسرائيل |
| 650 | 0 | 4 | _aايران - الازمة النووية |
| 942 |
_2ddc _cCR |
||
| 999 |
_c8787 _d8787 |
||